logo

Bir Sreshtho Munshi Abdur Rouf Library
Jhenaidah Cadet College

বেসরকারি শিক্ষা প্রতিষ্ঠানের প্রবিধানমালা : (Record no. 13166)

MARC details
000 -LEADER
fixed length control field 00955nam a2200229 a 4500
001 - CONTROL NUMBER
JCCL Control Number 13166
003 - CONTROL NUMBER IDENTIFIER
JCCL marc code BD-JhCC
005 - DATE AND TIME OF LATEST TRANSACTION
control field 20230716100550.0
008 - FIXED-LENGTH DATA ELEMENTS--GENERAL INFORMATION
fixed length control field 230716s20192022bg |||| |||| 000 0 ben d
020 ## - INTERNATIONAL STANDARD BOOK NUMBER
International Standard Book Number 9789849602958
035 ## - SYSTEM CONTROL NUMBER
system control number (BD-JhCC)13166
040 ## - CATALOGING SOURCE
Original cataloging agency BD-JhCC
Modifying agency BD-JhCC
041 ## - LANGUAGE CODE
Language code of Book ben
082 ## - DEWEY DECIMAL CLASSIFICATION NUMBER
Classification number 373
Author mark and Year TAL 2022
100 ## - MAIN ENTRY--PERSONAL NAME
Personal name তালুকদার, রিয়াজুল হোসেন
245 ## - TITLE STATEMENT
Title বেসরকারি শিক্ষা প্রতিষ্ঠানের প্রবিধানমালা :
Remainder of title সর্বশেষ সার্কুলার ও পরিপত্রসহ /
Statement of responsibility, etc রিয়াজুল হোসেন তালুকদার
250 ## - EDITION STATEMENT
Edition statement ৪র্থ সংস্করণ.
260 ## - PUBLICATION, DISTRIBUTION, ETC. (IMPRINT)
Place of publication, distribution, etc ঢাকা :
Name of publisher, distributor, etc লিটন পাবলিকেশন্স,
Date of publication, distribution, etc ২০২২
300 ## - PHYSICAL DESCRIPTION
Pagination ৫৬৮ পৃ. :
Dimensions ২১ সেমি.
650 ## - SUBJECT ADDED ENTRY--TOPICAL TERM
Topical term or geographic name as entry element Education, Secondary
942 ## - ADDED ENTRY ELEMENTS (KOHA)
Source of classification or shelving scheme Dewey Decimal Classification
Koha item type Books
Holdings
Source of classification or shelving scheme Damaged status Not for loan Home library Current library Shelving location Date of accession Cost, normal purchase price Total Checkouts Full call number Barcode Date last seen Copy number Method of acquisition Koha item type Currency
Dewey Decimal Classification     JCC Rouf Library JCC Rouf Library General Stacks 06/23/2023 324.00   373 TAL 2022 17635 07/16/2023 C-1 Purchase Books BDT

JCC Library | Contacts | JCC Home

Last Update on 23 September 2017
Copyright @ 2017-2020 JCC Rouf Library
Rouf Library, Jhenidah Cadet College (JCC), Bangladesh